00578nam a22001937a 4500003000500000005001700005008004100022010001000063011001000073035001000083040000900093110008000102245005000182260004700232300002900279490003200308650001200340830003200352CHAP20220329135820.0971013s1976 r 00010 d a42700 a43672 a47808 cCHAP aMéxico. Dirección General de Unidades de Riego para el Desarrollo Rural aMaíz de riegob: recomendaciones técnicas aMéxico, D.F. :bLa Dirección,c(1976?) aHoja desplegableb: ilus aHoja de divulgaciónv; 1314aMaíz.0 aHoja de divulgaciónv; 13